|
|
|
|
| LEADER |
00000ngm a22000007ic4500 |
| 001 |
IT\ICCU\VIA\0082062 |
| 003 |
ItRI |
| 005 |
20260124182925.0 |
| 008 |
000619s2000 it |||||||||||||||k|||||c |
| 020 |
|
|
|a 8817258954
|
| 040 |
|
|
|b ita
|
| 041 |
|
7 |
|a ita
|2 ISO-639-2
|
| 245 |
0 |
0 |
|a Totem.
|c condotto e realizzato da Alessandro Baricco e Gabriele Vacis.
|
| 260 |
|
|
|a Milano :
|b BUR,
|c 2000
|
| 300 |
|
|
|a 1 videocassetta (VHS) (130 min.) :
|b color., son. ;
|c 19 cm +
|e 1 fasc. (31 p.)
|
| 500 |
|
|
|a In contenitore
|
| 500 |
|
|
|a Tit. del contenitore.
|
| 773 |
0 |
|
|w IT\ICCU\VIA\0082060
|t Totem
|g 1
|a Baricco, Alessandro
|0 IT\ICCU\CFIV\075277
|
| 942 |
|
|
|2 ddc
|c VM
|n 0
|
| 952 |
|
|
|0 0
|1 0
|4 0
|6 VO_2034_000000000000000
|7 0
|9 28135
|a BO
|b BO
|d 2026-01-24
|i 16921
|l 0
|o VO 2034
|p BO16921
|r 2026-01-24 18:29:25
|w 2026-01-24
|x [Sebina 5] [1 videocassetta + 1 fascicolo]
|y VM
|z videocassetta 1 + fascicolo 1
|
| 981 |
|
1 |
|6 z01
|a b
|b xa2e
|
| 982 |
|
1 |
|6 z01
|a g
|
| 999 |
|
|
|c 23848
|d 23848
|